| 000 | 00560nam a2200181 a 4500 | ||
|---|---|---|---|
| 005 | 20140310183328.0 | ||
| 008 | 060811s19uu xx 00 eng d | ||
| 020 | _a0205324614 | ||
| 050 |
_aPS 561 _b.L59 2003 |
||
| 100 | _aLyons, Greg | ||
| 245 |
_aLiterature of the American West : _ba cultural approach. _cGreg Lyons. |
||
| 260 |
_aNew York : _bLongman, _c2003. |
||
| 300 |
_a484 p. : _c23 cm. |
||
| 650 |
_aAmerican Literature _xWest (U.S). |
||
| 650 |
_aAmerica Literature _xWest (U.S) _xHistory and Criticism. |
||
| 942 |
_cBK _2lcc _kFOR |
||
| 999 |
_c21489 _d21489 |
||